Sebastian Münster's Map of Prussia and the Variants of it

Titel: Sebastian Münster's Map of Prussia and the Variants of it / by Werner Horn
Verfasser:
Veröffentlicht: [s.l.]œ, 1950
Umfang: S. 66 - 73 : Kt.
Format: Buch
Sprache: Englisch
Kein Bild verfügbar
X
Lokale Klassifikation: 6 2 L
alg: 34374625
001A    $03004:18-07-14 
001B    $01999:09-06-23 $t21:50:30.000 
001D    $03004:18-07-14 
001U    $0utf8 
001X    $00 
002@    $0Aau 
003@    $0343746255 
003O    $0883888683 $aOCoLC 
007A    $0343746255 $aHEB 
010@    $aeng 
011@    $a1950 
021A    $aSebastian Münster's Map of Prussia and the Variants of it $hby Werner Horn 
028A    $#Horn, W. $7131429973 $8Horn, Werner$Z1903-1978 [Tp1] $9176827609 
033A    $p{[s.l.] 
034D    $aS. 66 - 73 
034M    $aKt. 
045F    $a910.943832 $eDDC23BSB 
045F/01 $a910 
045F/03 $g43832 
046R    $aAus: Imago Mvndi ; 7.1950 

lok: 34374625 24
101B    $018-07-14 $t12:01:12.000 
101C    $018-07-14 
101U    $0utf8 
145Z/01 $a6 2 L 

exp: 34374625 24 1 #EPN
201B/01 $018-07-14 $t12:01:12.000 
201C/01 $018-07-14 
201U/01 $0utf8 
203@/01 $0734871066 
208@/01 $a18-07-14 $bz 
209A/01 $a6 II L 1 a $du $f050 $h6 2 L 1 / + 1 $x00 
209C/01 $a593 G 52 $h52 593 G 
209G/01 $a73472431 $x00 
220C/01 $asem 
247C/01 $8358050-7 Marburg, Bibliothek des Herder-Instituts Marburg $9102600961 

exp: 34374625 24 2 #EPN
201B/02 $018-07-14 $t12:01:12.000 
201C/02 $018-07-14 
201U/02 $0utf8 
203@/02 $0734871074 
208@/02 $a18-07-14 $bz 
209A/02 $a6 II L 1 b $du $f050 $h6 2 L 1 / + 2 $x00 
209C/02 $a2926 K 57 $h57 2926 K 
209G/02 $a73472440 $x00 
220C/02 $asem 
247C/02 $8358050-7 Marburg, Bibliothek des Herder-Instituts Marburg $9102600961
LEADER 00000cam a2200000 c 4500
001 343746255
003 DE-603
005 20230609215030.0
007 tu
008 140718s1950 xx |||| | u00||u|eng c
035 |a (DE-599)HEB343746255 
035 |a (OCoLC)883888683 
040 |a DE-603  |b ger  |c DE-603  |d DE-603 
041 |a eng 
082 0 4 |8 1\u  |a 910.943832  |q DE-101  |2 23/BSB 
085 |8 1\u  |b 910 
085 |8 1\u  |z 2  |s 43832 
100 1 |a Horn, Werner  |d 1903-1978  |0 (DE-603)176827609  |0 (DE-588)131429973  |2 gnd 
245 0 0 |a Sebastian Münster's Map of Prussia and the Variants of it  |c by Werner Horn 
264 1 |a [s.l.]œ  |c 1950 
300 |a S. 66 - 73  |b Kt. 
500 |a Aus: Imago Mvndi ; 7.1950 
924 0 |9 Mb 50  |a (DE-603)734871066  |b DE-Mb50  |c HES  |d c  |g 6 II L 1 a 
924 0 |9 Mb 50  |a (DE-603)734871074  |b DE-Mb50  |c HES  |d c  |g 6 II L 1 b